LEADER 00935nam a2200241 i 4500 001 991000434979707536 005 20020506130436.0 008 000908s1962 uk ||| | eng 035 $ab10699934-39ule_inst 035 $aEXGIL145426$9ExL 040 $aBiblioteca Interfacoltà$bita 082 0 $a823.8 100 1 $aHardy, Thomas$0142510 245 14$aThe trumpet-major :$bJohn Loveday, a soldier in the war with Buonaparte, and Robert his brother, first mate in the merchant service :$ba tale /$cThomas Hardy 260 $aLondon :$bMacmillan,$c1962 300 $aVIII, 371 p. ;$c17 cm. 440 4$aThe works of Thomas Hardy 907 $a.b10699934$b02-04-14$c28-06-02 912 $a991000434979707536 945 $aLE002 In. II L 17$g1$i2002000920768$lle002$o-$pE0.00$q-$rl$s- $t0$u0$v0$w0$x0$y.i10794888$z28-06-02 996 $aTrumpet-Major$999902 997 $aUNISALENTO 998 $ale002$b01-01-00$cm$da $e-$feng$guk $h4$i1 LEADER 02790 am 22006253u 450 001 9910146349203321 005 20230617035200.0 010 $a8884531284$b(ebook) 010 $z8884531276$b(paperback) 035 $a(CKB)1000000000280275 035 $a(ItFiC)it03694356 035 $a(MH)011326219-1 035 $a(SSID)ssj0000986009 035 $a(PQKBManifestationID)11532827 035 $a(PQKBTitleCode)TC0000986009 035 $a(PQKBWorkID)10933231 035 $a(PQKB)11354214 035 $a(WaSeSS)Ind00074312 035 $a(oapen)https://directory.doabooks.org/handle/20.500.12854/27831 035 $a(EXLCZ)991000000000280275 100 $a20050504d2003 uy 0 101 0 $aita 135 $aur||#|||||||| 181 $ctxt$2rdacontent 182 $cc$2rdamedia 183 $acr$2rdacarrier 200 10$aNascita ed evoluzione del distretto orafo di Arezzo $e1947-2001 : primo studio in una prospettiva ecology based /$fLuciana Lazzeretti 210 $cFirenze University Press$d2003 210 1$aFirenze :$cFirenze university press,$d2003. 215 $a1 online resource (146 pages) $cillustrations; digital file(s) 225 1 $aMonografie.$pScienze sociali ;$v5 300 $aAt head of title: Università degli studi di Firenze; Regione Toscana, Giunta regionale. 311 08$aPrint version: 8884531276 320 $aIncludes bibliographical references. 330 $aThis book, generated by the creation of a database on the population of enterprises and their characteristics, illustrates the process of development of the Arezzo gold and jewellery system. It is a significant case in view of its international prestige and the use of highly specialized manpower, and at the same time interesting in terms of type, since it represents an emerging district produced by gemmation from a large enterprise. The analysis offers insight into the process of district development and a methodological support for further investigations. At the same time, it also represents a tool for an understanding of the long-term economic dynamics characterizing one of the most vital productive areas of Tuscany. 410 0$aMonografie.$pScienze sociali ;$v5. 606 $aGold industry$zItaly$zArezzo 606 $aBusiness & Economics$2HILCC 606 $aIndustries$2HILCC 610 $aeconomy 610 $atoscana 610 $aeconomia 610 $atuscany 615 0$aGold industry 615 7$aBusiness & Economics 615 7$aIndustries 676 $a338 700 $aLazzeretti$b Luciana$0286113 801 0$bItFiC 801 1$bItFiC 801 2$bMH 801 2$bUkMaJRU 912 $a9910146349203321 996 $aNascita ed evoluzione del distretto orafo di Arezzo$92081047 997 $aUNINA LEADER 04352nam 22007095 450 001 9910139818103321 005 20251117074030.0 010 $a3-540-36238-X 024 7 $a10.1007/3-540-36238-X 035 $a(CKB)1000000000777901 035 $a(SSID)ssj0000327435 035 $a(PQKBManifestationID)11268702 035 $a(PQKBTitleCode)TC0000327435 035 $a(PQKBWorkID)10301673 035 $a(PQKB)11535114 035 $a(DE-He213)978-3-540-36238-8 035 $a(MiAaPQ)EBC3073095 035 $a(PPN)155169114 035 $a(EXLCZ)991000000000777901 100 $a20121227d2003 u| 0 101 0 $aeng 135 $aurnn|008mamaa 181 $ctxt 182 $cc 183 $acr 200 10$aTurbulence and Magnetic Fields in Astrophysics /$fedited by Edith Falgarone, Thierry Passot 205 $a1st ed. 2003. 210 1$aBerlin, Heidelberg :$cSpringer Berlin Heidelberg :$cImprint: Springer,$d2003. 215 $a1 online resource (XII, 468 p.) 225 1 $aLecture Notes in Physics,$x0075-8450 ;$v614 300 $aBibliographic Level Mode of Issuance: Monograph 311 08$a3-540-00274-X 320 $aIncludes bibliographical references. 327 $aMHD Turbulence -- The Evolving Phenomenological View on Magnetohydrodynamic Turbulence -- Coronal Heating and Reduced MHD -- MHD Turbulence: Scaling Laws and Astrophysical Implications -- Numerical Approches -- Numerical Simulations of Magnetic Fields in Astrophysical Turbulence -- Adaptive Mesh Refinement in MHD Modeling. Realization, Tests and Application -- Turbulence in the ISM -- Observations of Interstellar Magnetic Fields -- MHD Turbulence in Star-Forming Regions and the Interstellar Medium -- Thermal Instability and Magnetic Pressure in the Turbulent Interstellar Medium -- Developing Diagnostics of Molecular Clouds Using Numerical MHD Simulations -- Star Formation and the Initial Mass Function -- The Structure and Dynamics of Filamentary Molecular Clouds -- Numerical Simulations of MHD Turbulence in Accretion Disks -- Current Issues in Reconnection and Astrophysical Dynamos -- Recent Developments in Collisionless Reconnection Theory: Applications to Laboratory and Astrophysical Plasmas -- Problems and Progress in Astrophysical Dynamos -- The Helicity Issue in Large Scale Dynamos -- Recent Developments in Magnetic Dynamo Theory. 330 $aThe present set of lectures is devoted to magnetohydrodynamic turbulence in astrophysics, with strong emphasis on numerical simulations. The book strives for a balance between state-of-the-art reports and a tutorial approach. It is thus particularly suited as an introduction to the field for nonspecialist researchers and postgraduate students. In addition, experienced scientists in the field will find the book to be a comprehensive source of reference for their research. 410 0$aLecture Notes in Physics,$x0075-8450 ;$v614 606 $aAstrophysics 606 $aPhysics 606 $aFluids 606 $aSpace sciences 606 $aAstrophysics and Astroparticles$3https://scigraph.springernature.com/ontologies/product-market-codes/P22022 606 $aNumerical and Computational Physics, Simulation$3https://scigraph.springernature.com/ontologies/product-market-codes/P19021 606 $aFluid- and Aerodynamics$3https://scigraph.springernature.com/ontologies/product-market-codes/P21026 606 $aSpace Sciences (including Extraterrestrial Physics, Space Exploration and Astronautics)$3https://scigraph.springernature.com/ontologies/product-market-codes/P22030 615 0$aAstrophysics. 615 0$aPhysics. 615 0$aFluids. 615 0$aSpace sciences. 615 14$aAstrophysics and Astroparticles. 615 24$aNumerical and Computational Physics, Simulation. 615 24$aFluid- and Aerodynamics. 615 24$aSpace Sciences (including Extraterrestrial Physics, Space Exploration and Astronautics). 676 $a523.01/886 702 $aFalgarone$b E$g(Edith),$4edt$4http://id.loc.gov/vocabulary/relators/edt 702 $aPassot$b Thierry$4edt$4http://id.loc.gov/vocabulary/relators/edt 801 0$bMiAaPQ 801 1$bMiAaPQ 801 2$bMiAaPQ 906 $aBOOK 912 $a9910139818103321 996 $aTurbulence and magnetic fields in astrophysics$9376923 997 $aUNINA